[Event "GER-chT WK U18 4th"]
[Site "Kiel"]
[Date "2008.06.01"]
[Round "6.1"]
[White "Aberle, Breno"]
[Black "Soisson, Mickael"]
[Result "1-0"]
[WhiteElo "1265"]
[BlackElo "1329"]
[PlyCount "113"]
[EventDate "2008.05.31"]
[EventType "team-swiss"]
[EventRounds "7"]
[EventCountry "GER"]
[SourceTitle "EXT 2010"]
[Source "ChessBase"]
[SourceDate "2010.11.25"]
[SourceVersion "1"]
[SourceVersionDate "2010.11.25"]
[SourceQuality "1"]

1. d4 d5 2. e3 e6 3. Bd3 Nf6 4. Nf3 Bd6 5. Nbd2 0-0 6. c3 Nbd7 7. 0-0 c5 8. Re1 c4 9. Bc2 e5 10. dxe5 Nxe5 11. Nxe5 Bxe5 12. Nf3 Bg4 13. h3 Bxf3 14. Qxf3 Qd6 15. Rd1 Qc7 16. Bd2 Rfe8 17. Be1 Ne4 18. Rxd5 Nf6 19. Rd2 Rad8 20. Rad1 b6 21. Rxd8 Rxd8 22. Rxd8+ Qxd8 23. Qc6 Qc7 24. Qxc7 Bxc7 25. Kf1 Kf8 26. Ke2 Ke7 27. f3 h6 28. e4 Bf4 29. Bd2 Nh5 30. Bxf4 Nxf4+ 31. Kf2 Ke6 32. h4 g5 33. hxg5 hxg5 34. g3 Ng6 35. Ke3 Ke5 36. Ba4 f5 37. exf5 Ne7 38. g4 Nd5+ 39. Ke2 Nf4+ 40. Ke3 Ng2+ 41. Kf2 Nf4 42. Bc2 Nh3+ 43. Ke3 Nf4 44. Be4 Ng2+ 45. Kf2 Nf4 46. b3 cxb3 47. axb3 a5 48. Ke3 Nh3 49. Kd3 Nf2+ 50. Kc4 Nd1 51. Kd3 Nf2+ 52. Kc2 Kf6 53. b4 axb4 54. cxb4 Ke5 55. Kc3 Nd1+ 56. Kc4 Ne3+ 57. Kb5 1-0

[Event "GER-chT WK U18 4th"]
[Site "Kiel"]
[Date "2008.06.01"]
[Round "5.1"]
[White "Soisson, Mickael"]
[Black "Saar, Christian"]
[Result "1-0"]
[WhiteElo "1329"]
[BlackElo "1173"]
[PlyCount "63"]
[EventDate "2008.05.31"]
[EventType "team-swiss"]
[EventRounds "7"]
[EventCountry "GER"]
[SourceTitle "EXT 2010"]
[Source "ChessBase"]
[SourceDate "2010.11.25"]
[SourceVersion "1"]
[SourceVersionDate "2010.11.25"]
[SourceQuality "1"]

1. e4 e6 2. Nf3 d5 3. Nc3 Nf6 4. Bd3 c5 5. e5 Nfd7 6. 0-0 Nc6 7. Bb5 Qb6 8. Bxc6 Qxc6 9. d4 b6 10. Be3 Ba6 11. Re1 cxd4 12. Bxd4 Nc5 13. a4 Be7 14. b4 Nxa4 15. Rxa4 Bb5 16. Nxb5 Qxb5 17. c3 0-0 18. Ra1 a5 19. bxa5 Rxa5 20. Rb1 Qc4 21. Bxb6 Ra2 22. Qb3 Qxb3 23. Rxb3 f6 24. exf6 Rxf6 25. Bd4 Rg6 26. Ne5 Rh6 27. Rb8+ Bf8 28. Bc5 Rf6 29. Nd7 Rf7 30. Nxf8 g6 31. Nxe6+ Rf8 32. Rxf8# 1-0

[Event "GER North-chT U16"]
[Site "Magdeburg"]
[Date "2006.08.28"]
[Round "5.2"]
[White "Kalauch, Lucas"]
[Black "Soisson, Mickael"]
[Result "1-0"]
[WhiteElo "1033"]
[BlackElo "1055"]
[PlyCount "41"]
[EventDate "2006.08.26"]
[EventType "team-tourn"]
[EventRounds "7"]
[EventCountry "GER"]
[SourceTitle "EXT 2007"]
[Source "ChessBase"]
[SourceDate "2006.11.23"]
[SourceVersion "1"]
[SourceVersionDate "2006.11.23"]
[SourceQuality "1"]

1. d4 d5 2. Nf3 Nc6 3. e3 e6 4. Bd3 Nf6 5. 0-0 Bd7 6. Nbd2 Bd6 7. e4 dxe4 8. Nxe4 Nxe4 9. Bxe4 Qe7 10. Re1 Qf6 11. Bg5 Bxh2+ 12. Kxh2 Qxg5 13. Nxg5 f6 14. Nf3 h5 15. Bg6+ Ke7 16. Nh4 Kd8 17. d5 exd5 18. Qxd5 Rb8 19. Rad1 Ne5 20. Rxe5 fxe5 21. Qxd7# 1-0